Možnosti Skype for business pri dištančnom vzdelávaní

Charakteristika základných pojmov: videofónny prenos, videokonferencia, webkonferencia, webinár. Využitie webinárov a videokonferencií v rôznych odvetviach. Externá forma štúdia. Využitie produktu Skype for business.

Guardado en:
Detalles Bibliográficos
Autor principal: Schmidt, Peter, 1968-
Formato: Capítulo de libro
Lenguaje:eslovaco
Materias:
Etiquetas: Agregar Etiqueta
Sin Etiquetas, Sea el primero en etiquetar este registro!

MARC

LEADER 00000nla a2200000 4500
001 0234325
005 20240502073812.5
041 0 |a slo 
044 |a SK 
245 1 0 |a Možnosti Skype for business pri dištančnom vzdelávaní  |c Peter Schmidt 
520 |a Charakteristika základných pojmov: videofónny prenos, videokonferencia, webkonferencia, webinár. Využitie webinárov a videokonferencií v rôznych odvetviach. Externá forma štúdia. Využitie produktu Skype for business. 
610 2 0 |a vzdelávanie dištančné 
610 2 0 |a vzdelávanie elektronické 
610 2 0 |a technológie informačné 
610 2 0 |a technológie komunikačné 
100 1 |a Schmidt, Peter, 1968-